La lucha por el derecho

Detalles Bibliográficos
Autor principal: Von Jhering, Rudolf
Formato: eBook
Lenguaje:español
Publicado: Madrid: Dykinson, 2018
Materias:
Acceso en línea:Acceso restringido

MARC

LEADER 00000nam a22000007a 4500
005 20190830215814.0
007 cr|||| ||||
008 190830s2018 es |||||s|||| 00||0 spa d
020 |a 978-84-1324-219-4 
035 |a 24180 
040 |a vLex 
090 |c 9333  |d 9333 
100 1 |a Von Jhering, Rudolf 
245 1 2 |a La lucha por el derecho  |h [Recurso electrn̤ico] /  |c Rudolf Von Jhering 
256 |a Servicio en ln̕ea 
260 |a Madrid:  |b Dykinson,  |c 2018 
300 |a 1 recurso electrn̤ico 
500 |a La lucha por el derecho es, probablemente, la pieza de literatura jurd̕ica ms̀ cľebre y difundida de la historia. Traducida a ms̀ de quince idiomas –incluidas lenguas como el chino o el japonš–, an︢ hoy sigue fascinando a cuantos la leen, y contina︢ estimulando la reflexin̤ ter̤ica, tanto en el campo de la filosofa̕ jurd̕ica y polt̕ica como en el de la ťica o la sociologa̕ del derecho. Esta es la primera edicin̤ crt̕ica que se hace de la obra en el m̀bito hispanohablante. Actualiza el lx̌ico, la ortografa̕ y la sintaxis de la traduccin̤ cls̀ica de Adolfo Posada y la corrige all ̕donde se distanciaba en exceso de la edicin̤ alemana, puesto que sigui ̤como modelo la primera traduccin̤ francesa. Adems̀, se han aądido notas con aclaraciones lingüs̕ticas e histr̤ico-filosf̤icas. La edicin̤ incorpora un prefacio de Jhering hasta ahora inďito en espaǫl y una breve semblanza de Jhering escrita por Kelsen, tambiň inďita entre nosotros. A ello se suma un estudio preliminar a cargo del editor, Luis Lloredo Alix. 
506 1 |a Disponible solo en los productos indicados  |d vLex Global  |d vLex Global (Academic Edition, excluding Law Schools)  |d vLex Global (U.S. Academic Edition, Law Schools)  |d vLex Global (U.S. Academic Edition, excluding Law Schools)  |d vLex Global (Academic Edition, Law Schools) 
650 0 4 |a Derecho Militar  |z Espaą 
740 0 |a vLex Libros (Servicio en ln̕ea) 
856 4 0 |u http://vlex.com/source/lucha-por-el-derecho-24180  |z Acceso restringido 
942 |c BOOK 
999 0 |a Military Law